| 000 | 00412nam a22001697a 4500 | ||
|---|---|---|---|
| 003 | NUST - PNEC | ||
| 005 | 20170116180858.0 | ||
| 008 | 150831b xxu||||| |||| 00| 0 eng d | ||
| 020 | _a0471322466 | ||
| 040 | _cLIBRARY | ||
| 082 | _a537 GRA | ||
| 100 |
_96126 _aGrant, I. S. (Ian S. |
||
| 245 |
_aElectromagnetism _cI. S.Grant |
||
| 260 | _cc1975. | ||
| 650 |
_96128 _aElectromagnetism _xME |
||
| 942 |
_2ddc _cBK |
||
| 999 |
_c64871 _d64871 |
||